000 00636nam a22001697a 4500
999 _c18610
_d18610
008 231214b ||||| |||| 00| 0 eng d
020 _a9781284234800
082 _22023
_aDC 612
_bC116
100 _aCael, Christy J.
_950464
245 _aFunctional anatomy :
_bmusculoskeletal anatomy, kinesiology, and palpation for manual therapists /
_cChristy J. Cael
250 _aSecond edition.
260 _aBurlington, MA :
_bJones & Bartlett Learning, LLC,
_c©2023.
300 _axvi, 447 pages :
_bcolor illustrations ;
_c28 cm.
500 _aIncludes references, glossary, and index.
650 _aHuman anatomy.
_950649
942 _2ddc
_cDC